| 000 | 00627nam a22002057a 4500 | ||
|---|---|---|---|
| 005 | 20260515114920.0 | ||
| 008 | 220531b ||||| |||| 00| 0 eng d | ||
| 040 |
_aIN-DiNC _cIN-DiNC |
||
| 041 | _dasm | ||
| 082 |
_a370.9 _bCHU |
||
| 100 |
_aChutia, Daisy Rani _eauthor |
||
| 245 |
_aBiswar prekshapatat shiksha/ _cby Daisy Rani Chutia, Mansoon Hatibaruah and Swapnali Borah |
||
| 250 | _a1st ed. | ||
| 260 |
_aDibrugarh: _bMahaveer Publications, _c2021. |
||
| 300 | _a186p. | ||
| 650 | _aEducation in world perspective | ||
| 700 |
_aHatibaruah, Monsoon _eauthor |
||
| 700 |
_aBorah, Swapnali _eauthor |
||
| 942 |
_2ddc _cBK |
||
| 999 |
_c11301 _d11301 |
||